000 00339nam a2200133Ia 4500
005 20260328104331.0
008 260328s9999||||xx |||||||||||||| ||und||
100 _aMiki-Imoto, Haruka
245 0 _aYokohama Urban Design Sketchbook /
_cHaruka Miki-Imoto
260 _bWorld Bank
300 _a111 p.
650 _aARQUITECTOS
942 _cBK
999 _c11723
_d11723